000 00572nam a22002297a 4500
003 UA-OsUOA
001 25864
007 ta
008 20040429b un ||||| |||| 00| 0 ukr d
100 _aТкач М.
090 _a39
_bТ48
942 _cSA
040 _aUA-OsUOA
_bukr
_cUA-OsUOA
_dUA-OsUOA
245 _aХліб в українському побуті
300 _aС.36
955 _a0
041 _aukr
080 _a39
044 _aUA
773 0 _w0
_tУкраїнська культура
_dК.
_d2004
_g№4
650 7 _aНародознавство
_2UDC
999 _c312169
_d312169